Loading...
| Current Events | 3 | 20.00 | 100% | 33% | 67% |
| Fine Arts - Classical Music | 5 | 10.00 | 60% | 20% | 20% |
| Fine Arts - Other | 5 | 20.00 | 100% | 80% | 20% |
| Fine Arts - Painting and Sculpture | 6 | 13.33 | 100% | 33% | 0% |
| Geography | 1 | 10.00 | 100% | 0% | 0% |
| History - American | 9 | 17.78 | 100% | 67% | 11% |
| History - European | 8 | 13.75 | 88% | 50% | 0% |
| History - Other | 10 | 14.00 | 90% | 50% | 0% |
| History - World | 4 | 20.00 | 100% | 75% | 25% |
| Literature - American | 6 | 18.33 | 100% | 67% | 17% |
| Literature - British | 7 | 15.71 | 100% | 43% | 14% |
| Literature - European | 9 | 16.67 | 100% | 56% | 11% |
| Literature - World | 4 | 20.00 | 100% | 75% | 25% |
| Mythology | 7 | 17.14 | 86% | 57% | 29% |
| Philosophy | 5 | 16.00 | 100% | 60% | 0% |
| Pop Culture | 2 | 20.00 | 100% | 50% | 50% |
| Religion | 8 | 18.75 | 100% | 63% | 25% |
| Science - Biology | 4 | 17.50 | 75% | 50% | 50% |
| Science - Chemistry | 5 | 16.00 | 100% | 60% | 0% |
| Science - Other | 8 | 13.75 | 100% | 38% | 0% |
| Science - Physics | 5 | 14.00 | 100% | 40% | 0% |
| Social Science | 5 | 16.00 | 100% | 60% | 0% |